00517nam a2200157 a 4500003000300000005001700003008004100020050002400061100001600085245002700101260005600128300000700184500011600191650002100307700003100328mo20170328092906.0121010s19uu xx 00 eng d aMb813.5 Mc479 1999 aMckie, Anna aFifty bedtime stories. aLittle Venice, London :bGrandreams Limited,c1999. a93 aThe Great green caterpillar. The Grumpy teddy bears. The Golden egg. Koala keeps up. Smile, it's a crocodile. aStories-fiction. aKen Mckie (illustrated by)